000
00293nam a2200121Ia 4500
008
230724s2013 xx und d
020
_a
9789350096857
041
_a
eng
100
_a
CHALLONER JACK
245
_a
1001 INVENTIONS THAT CHANGED THE WORLD
260
_b
NA
_c
2013
300
_a
960
999
_c
1174923
_d
1174923